By the Lord protector. : A proclamation commanding all papists, and all other persons who have been of the late kings party, or his sons, to depart out of the cities of London and Westminster, and late lines of communication, within three days.

Bibliographic Details
Corporate Author: England and Wales. Lord Protector (1658-1660 : R. Cromwell)
Other Authors: Cromwell, Richard, 1626-1712
Format: eBook
Language:English
Published: London, : Printed by Henry Hills and John Field, Printers to His Highness, And are to be sold at the seven Stars in Fleetstreet over against Dunstans Church. [1659]
Series:Early English books online.
Subjects:
Online Access:Connect to the full text of this electronic book

MARC

Tag First Indicator Second Indicator Subfields
LEADER 00000nam a2200000Ia 4500
001 in00004327770
005 20200812085707.0
006 m g d
007 cr bn |||a|bb|
008 000320s1659 enk o 000 0 eng d
035 |a (OCoLC)43665043 
040 |a EAE  |c EAE  |e dcrb 
037 |a CL0037000110  |b ProQuest Information and Learning. 300 N. Zeeb Rd., Ann Arbor, MI 48106 
043 |a e-uk-en 
045 2 |b d1649  |b d1660 
090 |a DA428.5  |b .E53 
049 |a UMIA 
110 1 |a England and Wales.  |b Lord Protector (1658-1660 : R. Cromwell) 
245 1 0 |a By the Lord protector. :  |b A proclamation commanding all papists, and all other persons who have been of the late kings party, or his sons, to depart out of the cities of London and Westminster, and late lines of communication, within three days. 
246 3 0 |a Proclamation Commanding all Papists, and all other Persons who have been of he late Kings party, or his Sons, to depart out of the Cities of London and Westminster, and late lines of Communication, within three days 
260 |a London, :  |b Printed by Henry Hills and John Field, Printers to His Highness, And are to be sold at the seven Stars in Fleetstreet over against Dunstans Church.  |c [1659] 
300 |a 1 online resource (2 leaves ([2] pages). 
336 |a text  |b txt  |2 rdacontent 
337 |a computer  |b c  |2 rdamedia 
338 |a online resource  |b cr  |2 rdacarrier 
500 |a "Given at White-Hall the Three and twntieth day of April in the year of our Lord, 1659." 
500 |a Reproduction of original in: Bodleian Library. 
510 4 |a Wing (2nd edition)  |c C7187 
533 |a Electronic reproduction.  |b Ann Arbor, Mich. :  |c UMI,  |d 1999-  |f (Early English books online)  |n Digital version of: (Early English books, 1641-1700 ; 2607:19)  |7 s1999 miun s 
651 0 |a Great Britain  |x History  |y Commonwealth and Protectorate, 1649-1660. 
650 0 |a Anti-Catholicism  |v Early works to 1800. 
655 7 |a Broadsides  |z London (England)  |y 17th century.  |2 rbgenr 
700 1 |a Cromwell, Richard,  |d 1626-1712. 
830 0 |a Early English books online. 
856 4 0 |u http://proxy.library.tamu.edu/login?url=https://search.proquest.com/docview/2240915854  |z Connect to the full text of this electronic book  |t 0 
999 f f |s 9ea35a2d-3440-30c6-a438-f248dc3efd43  |i 3b93c59c-4631-3591-aba0-2b7a74d5459f  |t 0 
952 f f |a Texas A&M University  |b College Station  |c Electronic Resources  |d Available Online  |t 0  |e DA428.5 .E53  |h Library of Congress classification 
998 f f |a DA428.5 .E53  |t 0  |l Available Online